000 00306nam a22001337a 4500
008 181024b xxu||||| |||| 00| 0 eng d
020 _a9780071375344
041 _aeng
080 _a610
100 _a4
101 _aSHM
245 _aPrinciples And Ptractice Chiropractic
_cScott.H
942 _2udc
_cBK
999 _c50792
_d50792